| 000 | 00518pab a2200181 454500 | ||
|---|---|---|---|
| 008 | 180718b2012 xxu||||| |||| 00| 0 eng d | ||
| 100 | _aJain, Sanjay K. | ||
| 245 | _aConsumer attitudes towards business firm's marketing philosophy, consumerism and government regulations in India: A cross sectional analysis | ||
| 260 | _c2012 | ||
| 300 | _ap.253-271. | ||
| 362 | _aDec | ||
| 650 | _aConsumers - India | ||
| 650 | _aConsumers | ||
| 700 | _aGoel, Parul | ||
| 773 | _aVision | ||
| 908 | _aN | ||
| 909 | _a102120 | ||
| 999 |
_c102118 _d102118 |
||